01190nam a2200229 i 4500001000300000245008300003246004700086260004600133300003500179490025600214500006500470500003000535504002800565651004500593700002900638830011300667040000800780041000700788080002600795008004100821856009800862bg00aMechanizmy i narzędzia gospodarki rynkowej /c[red. nauk. Jan Szczygielski].11aMechanisms and tools in the market economy aWrocław :bOficyna Wydawnicza PW,c1996. a108, [1] s. :bwykr. ;c24 cm.1 aPrace Naukowe Instytutu Nauk Ekonomiczno-Społecznych Politechniki Wrocławskiej. Studia i Materiały =aScientific Papers of the Institute of Economic and Social Sciences of the Technical University of Wrocław. Studies and Research,x0239-3212 ;v19 aTyt. równol. : Mechanisms and tools in the market economy. aNumeracja ser. gł. : 54. aBibliogr. przy pracach. 9aPolskaxgospodarkaxpolitykayod 1989 r.1 aSZCZYGIELSKI, Jan.eRed. 0aPrace Naukowe Instytutu Nauk Ekonomiczno-Społecznych Politechniki Wrocławskiej.pStudia i Materiały ;v19 cBPK0 apl a338.22(438)"1989/..." s pl f |000 0 pol  uhttp://koha.tu.koszalin.pl/cgi-bin/koha/opac-detail.pl?biblionumber=31870yKatalog online BPK